[Event "Asia-ch"]
[Site "Al Ain"]
[Date "2025.05.07"]
[Round "1"]
[White "Matinian, Nikita"]
[Black "Yakubboev, Nodirbek"]
[Result "1/2-1/2"]
[WhiteElo "2420"]
[BlackElo "2665"]
[PlyCount "81"]
[EventDate "2025.05.07"]
[EventType "swiss"]
[EventRounds "9"]
[EventCountry "UAE"]
[SourceTitle "CB21_2025"]
[SourceDate "2025.05.21"]
[SourceVersion "1"]
[SourceVersionDate "2025.05.21"]
[SourceQuality "1"]

1. e4 c5 2. Nf3 d6 3. Bb5+ Nd7 4. 0-0 a6 5. Bxd7+ Bxd7 6. c3 Nf6 7. Re1 e6 8. d4 Be7 9. e5 dxe5 10. dxe5 Nd5 11. c4 Nb4 12. a3 Nc6 13. Bf4 Na5 14. Nbd2 Bc6 15. Qc2 g5 16. b4 gxf4 17. bxa5 Qxa5 18. Ne4 0-0-0 19. Qc1 Qa4 20. Qxf4 Rhf8 21. Rab1 Qxa3 22. Rb6 Kc7 23. Rbb1 Rd3 24. h3 Rb3 25. Rbd1 Kb8 26. Nfg5 Bxe4 27. Nxe4 Qa4 28. Nf6 Bxf6 29. exf6+ Ka8 30. Qc7 Qc6 31. Qe7 Rg8 32. Rd8+ Rxd8 33. Qxd8+ Ka7 34. Qe7 Rb6 35. Qxf7 e5 36. Qxh7 Qxf6 37. Qc7 Rc6 38. Qd7 Rd6 39. Qc7 Rc6 40. Qd7 Rd6 41. Qc7 1/2-1/2

[Event "UZB-ch"]
[Site "Qiziltepa"]
[Date "2025.04.22"]
[Round "2.3"]
[White "Begmuratov, Khumoyun"]
[Black "Yakubboev, Nodirbek"]
[Result "0-1"]
[WhiteElo "2435"]
[BlackElo "2665"]
[PlyCount "84"]
[EventDate "2025.04.19"]
[EventType "k.o."]
[EventRounds "4"]
[EventCountry "UZB"]
[SourceTitle "CB18_2025"]
[SourceDate "2025.04.30"]
[SourceVersion "1"]
[SourceVersionDate "2025.04.30"]
[SourceQuality "1"]

1. e4 c5 2. Nf3 e6 3. d4 cxd4 4. Nxd4 Nc6 5. Nc3 a6 6. Nxc6 bxc6 7. Bd3 d5 8. 0-0 Nf6 9. Qe2 Be7 10. b3 0-0 11. Bb2 Bb7 12. Rad1 Qc7 13. Na4 Rfd8 14. c4 dxe4 15. Bxe4 Nxe4 16. Qxe4 c5 17. Qe5 Qxe5 18. Bxe5 Bc6 19. Nc3 f6 20. Bc7 Rxd1 21. Rxd1 Kf7 22. f4 Rc8 23. Bb6 h6 24. h4 Kg6 25. Kf2 Kf5 26. g3 g5 27. hxg5 hxg5 28. fxg5 fxg5 29. Na4 Bxa4 30. bxa4 Rc6 31. Ba5 Rd6 32. Rc1 Rd3 33. Bc7 Bf6 34. a5 Bd4+ 35. Ke2 Ra3 36. Rc2 e5 37. Kd1 Rxg3 38. Rh2 g4 39. Rh6 Rg2 40. Rxa6 Rxa2 41. Ra8 Ke4 42. Rg8 Kd3 0-1

[Event "UZB-ch"]
[Site "Qiziltepa"]
[Date "2025.04.22"]
[Round "2.4"]
[White "Yakubboev, Nodirbek"]
[Black "Begmuratov, Khumoyun"]
[Result "1-0"]
[WhiteElo "2665"]
[BlackElo "2435"]
[PlyCount "63"]
[EventDate "2025.04.19"]
[EventType "k.o."]
[EventRounds "4"]
[EventCountry "UZB"]
[SourceTitle "CB18_2025"]
[SourceDate "2025.04.30"]
[SourceVersion "1"]
[SourceVersionDate "2025.04.30"]
[SourceQuality "1"]

1. d4 Nf6 2. Nf3 e6 3. c4 d5 4. Nc3 Nbd7 5. Bf4 c6 6. e3 Be7 7. cxd5 exd5 8. h3 0-0 9. Bd3 a5 10. Qc2 b5 11. 0-0 Bb7 12. Ne5 h6 13. Ne2 Qb6 14. Rac1 Rac8 15. Bh7+ Kh8 16. Bf5 Rcd8 17. Nxc6 Rc8 18. Nxe7 Rxc2 19. Rxc2 Re8 20. Bxd7 Nxd7 21. Nf5 g5 22. Bh2 Qg6 23. g4 b4 24. Rc7 Ba6 25. Rxd7 Bxe2 26. Rc1 h5 27. Rd6 f6 28. Rcc6 hxg4 29. Rxf6 Qh7 30. Be5 Kg8 31. Rg6+ Kf8 32. Rcf6+ 1-0

[Event "Prague Challengers 7th"]
[Site "Prague"]
[Date "2025.03.04"]
[Round "6"]
[White "Kourkoulos Arditis, Stamatis"]
[Black "Yakubboev, Nodirbek"]
[Result "1/2-1/2"]
[WhiteElo "2580"]
[BlackElo "2659"]
[PlyCount "116"]
[EventDate "2025.02.26"]
[EventType "tourn"]
[EventRounds "9"]
[EventCountry "CZE"]
[EventCategory "13"]
[SourceTitle "CB11_2025"]
[SourceDate "2025.03.12"]
[SourceVersion "1"]
[SourceVersionDate "2025.03.12"]
[SourceQuality "1"]

1. e4 c5 2. Nf3 d6 3. d4 cxd4 4. Nxd4 Nf6 5. Nc3 a6 6. Be2 e5 7. Nb3 Be7 8. 0-0 0-0 9. Qd3 Be6 10. Rd1 Nbd7 11. Nd5 Bxd5 12. exd5 Rc8 13. a4 e4 14. Qg3 Rxc2 15. Nd4 Rc5 16. Nf5 Ne8 17. Be3 Rc2 18. Rac1 Rxc1 19. Rxc1 Bf6 20. b4 g6 21. Nh6+ Kh8 22. Qf4 Qe7 23. g3 Bb2 24. Rc2 Bg7 25. h4 f5 26. Qg5 Bf6 27. Qf4 Ne5 28. Bb6 Bg7 29. Qg5 Qd7 30. b5 Nf3+ 31. Bxf3 exf3 32. bxa6 Qxa4 33. Rc1 Qxa6 34. Bd8 Qe2 35. h5 Bd4 36. Rf1 Nf6 37. hxg6 Bxf2+ 38. Rxf2 Qxf2+ 39. Kxf2 Ne4+ 40. Kxf3 Nxg5+ 41. Bxg5 hxg6 42. Be7 Re8 43. Bf6+ Kh7 44. Nf7 Rf8 45. Ng5+ Kh6 46. Bd8 b5 47. Ne6 Rf7 48. Bg5+ Kh5 49. Bd2 Rb7 50. Bb4 g5 51. Nd4 Kg6 52. Nc6 Rd7 53. Nd4 Kf6 54. Nc6 Kg6 55. Ba3 Kf6 56. Bb2+ Kg6 57. Bc3 Rh7 58. Bb4 Rd7 1/2-1/2

[Event "Prague Challengers 7th"]
[Site "Prague"]
[Date "2025.03.01"]
[Round "4"]
[White "Bjerre, Jonas Buhl"]
[Black "Yakubboev, Nodirbek"]
[Result "1/2-1/2"]
[WhiteElo "2640"]
[BlackElo "2659"]
[PlyCount "74"]
[EventDate "2025.02.26"]
[EventType "tourn"]
[EventRounds "9"]
[EventCountry "CZE"]
[EventCategory "13"]
[SourceTitle "CB11_2025"]
[SourceDate "2025.03.12"]
[SourceVersion "1"]
[SourceVersionDate "2025.03.12"]
[SourceQuality "1"]

1. e4 c5 2. Nf3 e6 3. d4 cxd4 4. Nxd4 Nc6 5. Nc3 a6 6. Nxc6 bxc6 7. Bd3 d5 8. 0-0 Nf6 9. Qe2 Be7 10. b3 0-0 11. Bb2 Bb7 12. Na4 Qc7 13. e5 Nd7 14. c4 Nb6 15. cxd5 Nxd5 16. Be4 c5 17. Rac1 Rfc8 18. Ba3 Qa5 19. Qf3 Rc7 20. Rc4 Rac8 21. Rfc1 Bc6 22. h4 Bb5 23. Bxd5 exd5 24. Rf4 Qd2 25. Nc3 d4 26. Nd5 Qxa2 27. Nxe7+ Rxe7 28. Rxc5 Rce8 29. Bb4 h6 30. Rc1 Qb2 31. Re1 Rxe5 32. Rxe5 Rxe5 33. Rxf7 Qb1+ 34. Kh2 Qe4 35. Rf8+ Kh7 36. Qg3 Rf5 37. f3 Qe5 1/2-1/2

[Event "Prague Challengers 7th"]
[Site "Prague"]
[Date "2025.02.26"]
[Round "1"]
[White "Yakubboev, Nodirbek"]
[Black "Ma, Qun"]
[Result "1/2-1/2"]
[WhiteElo "2659"]
[BlackElo "2645"]
[PlyCount "68"]
[EventDate "2025.02.26"]
[EventType "tourn"]
[EventRounds "9"]
[EventCountry "CZE"]
[EventCategory "13"]
[SourceTitle "CB11_2025"]
[SourceDate "2025.03.12"]
[SourceVersion "1"]
[SourceVersionDate "2025.03.12"]
[SourceQuality "1"]

1. d4 Nf6 2. Nf3 d5 3. c4 e6 4. Nc3 c5 5. cxd5 Nxd5 6. g3 cxd4 7. Nxd5 Qxd5 8. Qxd4 Qb5 9. e4 Qb4+ 10. Bd2 Nc6 11. Qxb4 Bxb4 12. Bb5 Bd7 13. Rc1 Bxd2+ 14. Kxd2 Ke7 15. Rc3 Rhc8 16. Rhc1 f6 17. Bxc6 Rxc6 18. Rxc6 Bxc6 19. Nd4 Bd7 20. f4 e5 21. fxe5 fxe5 22. Nf3 Kd6 23. Ke3 Bg4 24. h3 Bxf3 25. Kxf3 Rf8+ 26. Ke3 h5 27. h4 Rg8 28. Kf3 Rf8+ 29. Ke2 Rf7 30. Rd1+ Ke6 31. Rc1 Kd6 32. Rd1+ Ke6 33. Rc1 Kd6 34. Rd1+ Ke6 1/2-1/2

[Event "Chessable Masters Play In"]
[Site "Chess.com INT"]
[Date "2025.02.17"]
[Round "6"]
[White "Lazavik, Denis"]
[Black "Yakubboev, Nodirbek"]
[Result "1-0"]
[WhiteElo "2572"]
[BlackElo "2659"]
[PlyCount "81"]
[EventDate "2025.02.17"]
[EventType "swiss (blitz)"]
[EventRounds "9"]
[EventCountry "USA"]
[SourceTitle "CB08_2025"]
[SourceDate "2025.02.19"]
[SourceVersion "1"]
[SourceVersionDate "2025.02.19"]
[SourceQuality "1"]

1. d4 Nf6 2. c4 e6 3. Nc3 Bb4 4. a3 Bxc3+ 5. bxc3 c5 6. f3 d5 7. cxd5 exd5 8. e3 0-0 9. Bd3 b6 10. Ne2 Ba6 11. 0-0 Re8 12. Ng3 Bxd3 13. Qxd3 Nc6 14. Bb2 Na5 15. Rae1 Nc4 16. Bc1 b5 17. e4 Qb6 18. e5 Nd7 19. f4 cxd4 20. cxd4 g6 21. Kh1 f5 22. Nxf5 gxf5 23. Qxf5 Nf8 24. Qg4+ Qg6 25. Qf3 Qf5 26. g4 Qd7 27. f5 a5 28. Bh6 Qd8 29. e6 Qh4 30. Bxf8 Kxf8 31. Qxd5 Rad8 32. Qxb5 Nd2 33. f6 Rxe6 34. Qb7 Rxe1 35. Qg7+ Ke8 36. f7+ Kd7 37. f8Q+ Re7 38. Qf5+ Kc7 39. Rc1+ Kb6 40. Qc5+ Ka6 41. Qgxe7 1-0

[Event "Tashkent Al Beruniy m-A 2nd"]
[Site "Tashkent"]
[Date "2025.02.14"]
[Round "2.1"]
[White "Artemiev, Vladislav"]
[Black "Yakubboev, Nodirbek"]
[Result "1-0"]
[WhiteElo "2691"]
[BlackElo "2659"]
[PlyCount "139"]
[EventDate "2025.02.13"]
[EventType "schev"]
[EventRounds "8"]
[EventCountry "UZB"]
[SourceTitle "CB09_2025"]
[SourceDate "2025.02.27"]
[SourceVersion "1"]
[SourceVersionDate "2025.02.27"]
[SourceQuality "1"]
[WhiteTeam "World"]
[BlackTeam "Uzbekistan"]
[BlackTeamCountry "UZB"]

1. d4 Nf6 2. c4 e6 3. Nc3 Bb4 4. Qc2 0-0 5. a3 Bxc3+ 6. Qxc3 d5 7. e3 b6 8. cxd5 exd5 9. Bd3 Ba6 10. Bxa6 Nxa6 11. Qc6 Qe8 12. Qxe8 Rfxe8 13. f3 c5 14. Ne2 Nc7 15. Kf2 Ne6 16. Rd1 cxd4 17. Nxd4 Rac8 18. Nb5 Rc2+ 19. Rd2 Rec8 20. Nc3 Rxd2+ 21. Bxd2 d4 22. exd4 Nxd4 23. Bg5 Ne8 24. Rd1 Ne6 25. Be3 h5 26. Rd7 Rc7 27. Rd2 Rc4 28. Nb5 a6 29. Nc3 b5 30. Nd5 N8c7 31. Nb4 a5 32. Na2 Rc6 33. Nc3 b4 34. axb4 axb4 35. Ne2 g6 36. Nd4 Rc4 37. Nb3 Ne8 38. Ke2 Rc8 39. Nd4 N8g7 40. g3 Nxd4+ 41. Bxd4 Ne6 42. Be5 g5 43. Bd6 b3 44. Be5 Rc1 45. Bc3 Kh7 46. Kd3 Rf1 47. Kc4 Rxf3 48. Kxb3 Nc5+ 49. Kc4 Ne4 50. Rc2 Nxc3 51. bxc3 f5 52. Kd5 Kg6 53. c4 Rd3+ 54. Ke5 f4 55. gxf4 Re3+ 56. Kd6 Rd3+ 57. Ke6 Re3+ 58. Kd5 g4 59. c5 Kf5 60. c6 Rd3+ 61. Kc5 Rd8 62. Rf2 Rd1 63. Rc2 Rd8 64. c7 Rc8 65. Kd6 Kxf4 66. Kd7 Ra8 67. c8Q Rxc8 68. Rxc8 h4 69. Rh8 h3 70. Rf8+ 1-0

[Event "Tata Steel-B 87th"]
[Site "Wijk aan Zee"]
[Date "2025.02.02"]
[Round "13"]
[White "Lu, Miaoyi"]
[Black "Yakubboev, Nodirbek"]
[Result "0-1"]
[WhiteElo "2429"]
[BlackElo "2659"]
[PlyCount "64"]
[EventDate "2025.01.18"]
[EventType "tourn"]
[EventRounds "13"]
[EventCountry "NED"]
[EventCategory "12"]
[SourceTitle "CB06_2025"]
[SourceDate "2025.02.05"]
[SourceVersion "1"]
[SourceVersionDate "2025.02.05"]
[SourceQuality "1"]

1. e4 c5 2. Nf3 d6 3. d4 cxd4 4. Nxd4 Nf6 5. Nc3 a6 6. Rg1 h5 7. Bg5 e6 8. Qd2 b5 9. a3 Qc7 10. 0-0-0 Nbd7 11. f4 Rb8 12. Bd3 b4 13. Nd5 exd5 14. exd5 bxa3 15. b3 Bb7 16. Rge1+ Kd8 17. Re3 Nb6 18. Rde1 Qc5 19. Be4 Bxd5 20. Bxf6+ gxf6 21. Bxd5 Nxd5 22. Rd3 f5 23. Kb1 Bg7 24. Nc6+ Qxc6 25. Rxd5 Rh6 26. Qa5+ Kc8 27. Rd3 Re6 28. Rde3 Rb5 29. Qxa3 Rxe3 30. Rxe3 Qb6 31. Rg3 Ra5 32. Qxa5 Qg1+ 0-1

[Event "Tata Steel-B 87th"]
[Site "Wijk aan Zee"]
[Date "2025.02.01"]
[Round "12"]
[White "Yakubboev, Nodirbek"]
[Black "Pijpers, Arthur"]
[Result "1-0"]
[WhiteElo "2659"]
[BlackElo "2474"]
[PlyCount "71"]
[EventDate "2025.01.18"]
[EventType "tourn"]
[EventRounds "13"]
[EventCountry "NED"]
[EventCategory "12"]
[SourceTitle "CB06_2025"]
[SourceDate "2025.02.05"]
[SourceVersion "1"]
[SourceVersionDate "2025.02.05"]
[SourceQuality "1"]

1. Nf3 Nf6 2. c4 c5 3. Nc3 d5 4. cxd5 Nxd5 5. d4 Nxc3 6. bxc3 g6 7. e3 Bg7 8. Bc4 0-0 9. 0-0 Qc7 10. Bd3 Rd8 11. Ba3 b6 12. Qe2 Nc6 13. Rac1 Bb7 14. Rfd1 e6 15. h4 Qe7 16. e4 Qf6 17. Bb2 Qf4 18. g3 Qg4 19. Qe3 cxd4 20. cxd4 Rac8 21. Be2 Qh5 22. Ng5 Qh6 23. Qf4 Rf8 24. Ba1 a6 25. d5 e5 26. Qe3 Nd4 27. Bxd4 exd4 28. Qb3 Rxc1 29. Rxc1 Bf6 30. Rc7 Bc8 31. Nxf7 Qd2 32. d6 Qe1+ 33. Bf1 Bg7 34. Nh6+ Kh8 35. Qg8+ Rxg8 36. Nf7# 1-0

[Event "Tata Steel-B 87th"]
[Site "Wijk aan Zee"]
[Date "2025.01.29"]
[Round "10"]
[White "Yakubboev, Nodirbek"]
[Black "Bok, Benjamin"]
[Result "1/2-1/2"]
[WhiteElo "2659"]
[BlackElo "2583"]
[PlyCount "60"]
[EventDate "2025.01.18"]
[EventType "tourn"]
[EventRounds "13"]
[EventCountry "NED"]
[EventCategory "12"]
[SourceTitle "CB06_2025"]
[SourceDate "2025.02.05"]
[SourceVersion "1"]
[SourceVersionDate "2025.02.05"]
[SourceQuality "1"]

1. e4 e5 2. Nf3 Nc6 3. Bc4 Bc5 4. c3 Nf6 5. d3 d6 6. Bg5 h6 7. Bh4 a5 8. Nbd2 Ba7 9. a4 Qe7 10. 0-0 g5 11. Bg3 Nd7 12. d4 h5 13. h4 g4 14. Ne1 exd4 15. Nd3 dxc3 16. bxc3 Nce5 17. Nf4 c6 18. Ba2 Nc5 19. Nc4 Nxc4 20. Bxc4 Nxe4 21. Re1 Bf5 22. Nd5 cxd5 23. Qxd5 Bg6 24. Bd3 f5 25. Bxd6 Bxf2+ 26. Kf1 0-0-0 27. Bxe4 Rxd6 28. Bxf5+ Kb8 29. Rxe7 Rxd5 30. Bxg6 Bxh4 1/2-1/2